The London merchant /

Bibliographic Details
Main Author: Lillo, George, 1693-1739
Other Authors: McBurney, William H. (William Harlin), 1919-1967
Format: Book
Language:English
Published: Lincoln : University of Nebraska Press, [1965]
Series:Regents restoration drama series.

MARC

Tag First Indicator Second Indicator Subfields
LEADER 00000cam a2200000 4500
001 in00000036665
005 20151007062156.0
008 720504s1965 nbu b 00000 eng u
010 |a  65011521  
035 |a (OCoLC)00300872 
035 |9 AAD4138AM 
040 |c CWR  |d TXA  |d UtOrBLW 
049 |a TXAM  |c [454220] 
050 0 |a PR3541.L5  |b A7 1965 
092 |a 822  |b L729, 1965 
100 1 |a Lillo, George,  |d 1693-1739. 
245 1 4 |a The London merchant /  |c Edited by William H. McBurney. 
264 1 |a Lincoln :  |b University of Nebraska Press,  |c [1965] 
300 |a xxvi, 106 pages ;  |c 22 cm. 
336 |a text  |b txt  |2 rdacontent 
337 |a unmediated  |b n  |2 rdamedia 
338 |a volume  |b nc  |2 rdacarrier 
490 1 |a Regents restoration drama series 
504 |a Bibliography: pages xxvi. 
700 1 |a McBurney, William H.  |q (William Harlin),  |d 1919-1967. 
830 0 |a Regents restoration drama series. 
999 |a MARS 
999 f f |s 367e4998-6243-3064-b5a9-b0dc244ffcdc  |i b8b94693-55b0-36f0-8b5e-b5580341cddf  |t 0 
952 f f |p normal  |a Texas A&M University  |b College Station  |c Sterling C. Evans Library  |d Evans: Library Stacks  |t 0  |e PR3541.L5 A7 1965  |h Library of Congress classification  |i unmediated -- volume  |m A14801298124 
998 f f |a PR3541.L5 A7 1965  |t 0  |l Evans: Library Stacks